000 nam a22 4500
999 _c8858
_d8858
008 180315b ||||| |||| 00| 0 eng d
100 _926831
_aMateo, Janvic
245 _aFacebook to take down accounts linked to terror groups/
_cJanvic Mateo and Ghio Ong
260 _aPhilippines
_bThe Philippine Star
_cc2017
300 _apage 7.
650 0 _926832
_aElectronic discussion groups.
700 _926833
_aOng, Ghio
942 _2ddc
_cPER